000 00684nam a22002171i 4500
001 12808
010 _a9789726094517
090 _a12808
100 _a20170304u u u0frey50 ba
101 0 _apor
200 1 _fRichard C. Woolfson
_aPorque é que os miúdos se portam assim?
_eguia prático para uma educação positiva
210 _cSelecções do Reader's Digest
_aLisboa
_d2005
215 _a192 p.
_cfot.
_d26 cm
300 _aOferta do Doutor Hugo Corte Real
606 1 _aCrianças - comportamento
606 1 _aRelações país-filhos
675 _a159.9
_9104
700 1 _aWoolfson
_bRichard C.
_4070
701 1 _aPernas
_bMaria do Rosário
_4730
801 _aPT
_gRPC
990 _cLIVROS